| 000 | 00000nam 22000008a 4500 |
| 001 | 9.838475 |
| 003 | CaOODSP |
| 005 | 20250611103806 |
| 007 | cr ||||||||||| |
| 008 | 170619s2017 onc o f000 0 fre d |
| 020 | |a978-0-660-08842-6 |
| 040 | |aCaOODSP|bfre |
| 043 | |an-cn--- |
| 086 | 1 |aA118-10/22-2014F-PDF |
| 245 | 00|aProfil de la culture de la pomme de terre au Canada, 2014 |h[ressource électronique] / |cpréparé par Programme de réduction des risques liés aux pesticides, Centre de la lutte antiparasitaire, Agriculture et agroalimentaire Canada. |
| 250 | |a3e éd. |
| 260 | |a[Ottawa] : |bAgriculture et agroalimentaire Canada, |cc2017. |
| 300 | |a98 p. |
| 500 | |aPubl. aussi en anglais sous le titre : Crop profile for potato in Canada, 2014. |
| 500 | |aTitre de la couv. |
| 504 | |aComprend des références bibliographiques. |
| 692 | 07|2gccst|aCultures |
| 692 | 07|2gccst|aPomme de terre |
| 710 | 1 |aCanada. |bAgriculture et agroalimentaire Canada. |
| 710 | 2 |aProgramme de réduction des risques liés aux pesticides (Canada) |
| 775 | 08|tCrop profile for potato in Canada, 2014 |w(CaOODSP)9.838474 |
| 856 | 40|qPDF|s1.80 Mo|uhttps://publications.gc.ca/collections/collection_2017/aac-aafc/A118-10-22-2014-fra.pdf |
| 986 | |aNo d'AAC : 12625F |